[Event "18th Belgrade Trophy"]
[Site "Obrenovac SCG"]
[Date "2005.11.29"]
[Round "8"]
[White "Muratovic,D"]
[Black "Damjanovic,L"]
[Result "0-1"]
[WhiteElo "2219"]
[BlackElo "2107"]

1.d4 Nf6 2.c4 g6 3.Nc3 Bg7 4.e4 d6 5.Nf3 O-O 6.Be2 Na6 7.O-O e5 8.d5 Nc5
9.Qc2 a5 10.b3 Nh5 11.Ne1 Qh4 12.Nf3 Qe7 13.Re1 Nf4 14.Bf1 Bg4 15.Nd2 g5
16.f3 Bc8 17.g4 h5 18.h3 Bf6 19.Rb1 Kg7 20.a3 Rh8 21.b4 axb4 22.axb4 Nd7
23.Nb3 hxg4 24.hxg4 Nf8 25.c5 N8g6 26.Be3 Bd7 27.Bxf4 Nxf4 28.Ne2 Rh6 29.Kf2 Rh2+
30.Ke3 Bb5 31.Qc3 Bxe2 32.Bxe2 Re8 33.Kd2 c6 34.cxd6 Qxd6 35.Qc5 Qxc5 36.bxc5 cxd5
37.Nc1 dxe4 38.fxe4 Rd8+ 39.Kc3 Rc8 40.Rb5 Be7 41.Bc4 Bxc5 42.Rxb7 Bd4+ 43.Kb4 Rb2+  0-1

[Event "IX Mirko Srajber mem"]
[Site "Subotica SCG"]
[Date "2005.12.03"]
[Round "3"]
[White "Cebalo,M"]
[Black "Czebe,A"]
[Result "1/2-1/2"]
[WhiteElo "2512"]
[BlackElo "2497"]

1.d4 Nf6 2.c4 g6 3.Nc3 Bg7 4.e4 d6 5.Nf3 O-O 6.Be2 e5 7.O-O Nbd7 8.Qc2 c6
9.d5 cxd5 10.cxd5 a6  1/2-1/2

[Event "2nd Bundesliga West 2005-6"]
[Site "Austria AUT"]
[Date "2005.12.04"]
[Round "5"]
[White "Hicker,H"]
[Black "Burschowsky,M"]
[Result "1/2-1/2"]
[WhiteElo "2179"]
[BlackElo "2176"]

1.d4 Nf6 2.Nf3 g6 3.c4 Bg7 4.Nc3 O-O 5.e4 d6 6.Be2 e5 7.d5 Na6 8.O-O Nc5
9.Qc2 a5 10.Ne1 Nfd7 11.Nd3 f5 12.exf5 gxf5 13.Nxc5 Nxc5 14.f4 e4 15.Be3 b6
16.a3 a4 17.Nb5 Nb3 18.Rad1 Bd7 19.Nd4 Nxd4 20.Bxd4 Bxd4+ 21.Rxd4 Qf6 22.Qc3 Ra5
23.Rfd1 Rc5 24.Kh1 Kh8 25.Qe3 Rg8 26.R1d2 Qg7 27.g3 b5 28.cxb5 Bxb5 29.Bxb5 Rxb5
30.Rxa4 Rxb2 31.Rxb2 Qxb2 32.Qd4+ Qxd4 33.Rxd4 Ra8 34.a4 Kg7 35.Rc4 Kf6 36.Rxc7 Rxa4
37.Rb7 Ra6 38.Rxh7 Ra5 39.Rh6+ Ke7 40.Re6+ Kd7 41.g4 fxg4 42.Rxe4 Rxd5 43.Kg2 Rd3
44.f5 Rf3 45.Rxg4 Rxf5 46.h4 Ke6 47.Kg3 Kf6  1/2-1/2

[Event "IX Mirko Srajber mem"]
[Site "Subotica SCG"]
[Date "2005.12.07"]
[Round "8"]
[White "Cebalo,M"]
[Black "Popovic,Du"]
[Result "1-0"]
[WhiteElo "2512"]
[BlackElo "2480"]

1.d4 g6 2.c4 Bg7 3.e4 d6 4.Nc3 Nf6 5.Nf3 O-O 6.Be2 e5 7.O-O Na6 8.Be3 Ng4
9.Bg5 Qe8 10.dxe5 dxe5 11.h3 f6 12.Bd2 Nh6 13.Be3 c6 14.c5 Nf7 15.Nd2 f5
16.f3 f4 17.Bf2 h5 18.Qb3 Nc7 19.Bc4 Ne6 20.Ne2 Kh7 21.Rfd1 Qe7 22.Rac1 g5
23.Kf1 Nh6 24.Rc3 g4 25.hxg4 hxg4 26.Rd3 Nxc5 27.Qa3 b6 28.Nb3 gxf3 29.Rxf3 Bg4
30.Nxc5 Bxf3 31.gxf3 bxc5 32.Bxc5 Qh4 33.Bxf8 Rxf8 34.Qxa7 Ng4 35.fxg4 f3
36.Nc3 Qh3+ 37.Ke1 f2+ 38.Kd2 Rd8+ 39.Kc2 Rxd1 40.Nxd1 f1=R 41.Bxf1 Qxf1
42.Qf2 Qh3 43.Qf5+  1-0

[Event "Bundesliga 2005-6"]
[Site "Godesberg GER"]
[Date "2005.12.11"]
[Round "6"]
[White "Sprenger,J"]
[Black "Polzin,R"]
[Result "1-0"]
[WhiteElo "2505"]
[BlackElo "2514"]

1.d4 Nf6 2.Nf3 g6 3.c4 Bg7 4.Nc3 d6 5.e4 O-O 6.Be2 Na6 7.O-O e5 8.Be3 Ng4
9.Bg5 Qe8 10.dxe5 dxe5 11.h3 f6 12.Bd2 Nh6 13.Be3 c6 14.Qa4 Nc7 15.c5 Nf7
16.b4 f5 17.b5 f4 18.Bc1 Ne6 19.bxc6 bxc6 20.Bc4 Kh8 21.Rd1 Nfg5 22.Nxg5 Nxg5
23.f3 Qe7 24.Ba3 Bxh3 25.Rd3 Be6 26.Bxe6 Nxe6 27.Qxc6 Nd4 28.Qa4 Qh4 29.Qd1 g5
30.Ne2 g4 31.Nxd4 exd4 32.fxg4 f3 33.gxf3 Qg3+ 34.Kf1 Qh3+ 35.Ke1 Qh1+ 36.Kd2 Bh6+
37.Kc2 Qh2+ 38.Kb1 Rab8+ 39.Rb3 Bg7 40.Bb2 Qf2 41.c6 Rbc8 42.a4 Rxc6 43.Raa3 Rfc8
44.Rb7 Rc2 45.Qd3 R2c3 46.Bxc3 dxc3 47.Qc2 Qxf3 48.Rab3 Qf1+ 49.Ka2 Qc4 50.Rb4 Qc7
51.Kb1 Qf4 52.a5 Qxg4 53.Rb8 h5 54.Rxc8+ Qxc8 55.Rb5 Qe8 56.Qe2 Kg8 57.Qc4+ Kh7
58.Qd5 Qc8 59.Qxh5+ Kg8 60.Qd5+ Kh8 61.Qd1 Kg8 62.Qd5+ Kh8 63.Kc2 a6 64.Rb1 Kh7
65.Rh1+ Kg6 66.Qh5+ Kf6 67.Rf1+ Ke6 68.Qd5+  1-0

[Event "12th Open"]
[Site "Zadar CRO"]
[Date "2005.12.13"]
[Round "2"]
[White "Kozul,Z"]
[Black "Tratar,M"]
[Result "0-1"]
[WhiteElo "2576"]
[BlackElo "2440"]

1.d4 d6 2.Nf3 Nf6 3.c4 g6 4.Nc3 Bg7 5.e4 O-O 6.Be2 e5 7.O-O c6 8.d5 Na6 9.Rb1 Nc5
10.Nd2 a5 11.b3 Bh6 12.Qc2 Bd7 13.Rd1 Qb8 14.Nf1 Bxc1 15.Rbxc1 cxd5 16.exd5 Ne8
17.Nd2 f5 18.a3 Nf6 19.b4 axb4 20.axb4 Na4 21.Ra1 Nxc3 22.Qxc3 b6 23.Rxa8 Qxa8
24.Ra1 Qb7 25.Qa3 Rb8 26.Qa6 Kf7 27.Qxb7 Rxb7 28.Ra6 Ne8 29.Ra8 Ke7 30.h3 Nf6
31.Nb3 f4 32.Kf1 Bf5 33.Ke1 Be4 34.f3 Bc2 35.Nc1 b5 36.Kd2 Bf5 37.Na2 bxc4
38.Bxc4 e4 39.b5 Rc7 40.Ra4 e3+ 41.Ke2 Nd7 42.Rb4 Nb6 43.Bb3 Bc2 44.Nc1 Bxb3
45.Nxb3 Nxd5 46.Re4+ Kd7 47.Rd4 Rc2+ 48.Kd3 Rc3+ 49.Ke2 Rxb3 50.Rxd5 Rb2+
51.Ke1 Ke6 52.Rd4 g5 53.h4 h6 54.hxg5 hxg5 55.Re4+ Kf5 56.Rd4 Rxg2 57.Rxd6 g4
58.fxg4+ Kxg4 59.Rg6+ Kf3 60.Rxg2 Kxg2  0-1

[Event "12th Open"]
[Site "Zadar CRO"]
[Date "2005.12.13"]
[Round "3"]
[White "Novak,Ra"]
[Black "Ljubicic,F"]
[Result "0-1"]
[WhiteElo "2229"]
[BlackElo "2400"]

1.d4 Nf6 2.c4 g6 3.Nc3 Bg7 4.e4 d6 5.Nf3 O-O 6.Be2 e5 7.dxe5 dxe5 8.Qxd8 Rxd8
9.Bg5 Na6 10.Nd5 Rd6 11.Bxf6 Bxf6 12.b4 c6 13.c5 Rxd5 14.exd5 e4 15.Rd1 exf3
16.Bxf3 Bc3+ 17.Kf1 Nxb4 18.dxc6 Nxc6 19.g4 Be6 20.Kg2 Rc8 21.Rd3 Bf6 22.Ra3 Rc7
23.Rd1 Be7 24.Rc1 a6 25.h3 Nd4 26.Be4 f5 27.gxf5 gxf5 28.Rd3 Ne2  0-1

[Event "12th Open"]
[Site "Zadar CRO"]
[Date "2005.12.15"]
[Round "6"]
[White "Saric,Ib"]
[Black "Ramesa,D"]
[Result "1-0"]
[WhiteElo "2441"]
[BlackElo "2226"]

1.d4 Nf6 2.Nf3 g6 3.c4 Bg7 4.Nc3 O-O 5.e4 d6 6.Be2 e5 7.Be3 Na6 8.O-O Ng4
9.Bg5 f6 10.Bh4 Qe8 11.h3 Nh6 12.d5 g5 13.Bg3 Qg6 14.Nh2 f5 15.Bh5 Qf6 16.exf5 Bxf5
17.f3 Nc5 18.Ne4 Qe7 19.Nxc5 dxc5 20.Re1 Bg6 21.Bxg6 hxg6 22.Ng4 Nxg4 23.hxg4 Qd6
24.Re4 Rfe8 25.Qb3 b6 26.Qe3 Re7 27.Qxg5 Kf7 28.Rae1 Bf6 29.Qe3 Rae8 30.g5 Bg7
31.Re2 a5 32.a4 Bh8 33.b3 Bg7 34.Be1 c6 35.Rd2 Kf8 36.dxc6 Qxc6 37.Qd3 Re6
38.Qd7 Qxd7 39.Rxd7 R8e7 40.Rd5 Kf7 41.Bc3 Kf8 42.Kf2 Kf7 43.Rd2 Re8 44.Rde2 Rd8
45.Bxe5 Bxe5 46.Rxe5 Rxe5 47.Rxe5 Rd2+ 48.Re2 Rd3 49.Re3 Rd2+ 50.Kg3  1-0

[Event "12th Open"]
[Site "Zadar CRO"]
[Date "2005.12.15"]
[Round "6"]
[White "Gleizerov,E"]
[Black "Tratar,M"]
[Result "1/2-1/2"]
[WhiteElo "2564"]
[BlackElo "2440"]

1.d4 d6 2.Nf3 Nf6 3.c4 g6 4.Nc3 Bg7 5.e4 O-O 6.Be2 e5 7.O-O Na6 8.Be3 c6
9.h3 exd4 10.Bxd4 Re8 11.Bd3 b6 12.Bc2 Bb7 13.Nd2  1/2-1/2

[Event "5th Amplico AIG Life"]
[Site "Warsaw POL"]
[Date "2005.12.17"]
[Round "5"]
[White "Dumanski,A"]
[Black "Sergeev,Vl"]
[Result "0-1"]
[WhiteElo "2229"]
[BlackElo "2436"]

1.d4 Nf6 2.c4 d6 3.Nc3 Nbd7 4.e4 e5 5.Nf3 g6 6.Be2 Bg7 7.O-O O-O 8.Rb1 h6
9.b4 Nh7 10.dxe5 dxe5 11.Be3 f5 12.Qd5+ Kh8 13.Rbd1 f4 14.Bc5 Nhf6 15.Bxf8 Nxd5
16.Bxg7+ Kxg7 17.Rxd5 c6 18.Rd6 Qe7 19.c5 a5 20.a3 axb4 21.axb4 Ra3 22.Rc1 Rb3
23.Na2 Nf6 24.Nd2 Rb2 25.Bc4 b5 26.Bb3 Ne8 27.Rd3 Be6 28.Rb1 Rxa2 29.Bxa2 Bxa2
30.Ra1 Bc4 31.Nxc4 bxc4 32.Rc3 Qb7 33.Rxc4 Nc7 34.h3 h5 35.Rd1 Nb5 36.Rd8 Qe7
37.Rb8 Nd4 38.Kh1 Qa7 39.Rb6 Qa1+ 40.Kh2 Ne2  0-1

[Event "5th Amplico AIG Life"]
[Site "Warsaw POL"]
[Date "2005.12.17"]
[Round "7"]
[White "Jedynak,R"]
[Black "Zickus,S"]
[Result "1-0"]
[WhiteElo "2431"]
[BlackElo "2208"]

1.d4 g6 2.c4 Bg7 3.Nf3 d6 4.e4 Nf6 5.Nc3 O-O 6.Be2 Nbd7 7.O-O e5 8.d5 Ne8
9.b4 f5 10.Ng5 Ndf6 11.c5 Qe7 12.cxd6 cxd6 13.Qb3 h6 14.Nf3 fxe4 15.Nd2 Bf5
16.Nc4 h5 17.Ne3 Kh7 18.Bd2 Bh6 19.Rac1 Ng4 20.Bxg4 hxg4 21.Rfd1 Bxe3 22.Bxe3 Rh8
23.Ne2 Kg8 24.Ng3 Qh4 25.Nf1 Bd7 26.a4 b5 27.a5 a6 28.Qc2 Rc8 29.Qd2 Rc4
30.Rxc4 bxc4 31.Qc2 c3 32.Qxe4 Bf5 33.Qc4 c2 34.Rc1 g3 35.Qxh4 Rxh4 36.Nxg3 Bd3
37.Bd2 Nc7 38.f3 Rc4 39.Ne4 Bxe4 40.fxe4 Nb5 41.Kf2 Nd4 42.Ke3 Nb3 43.Rf1 c1=Q
44.Bxc1 Rxc1 45.Rf6 Rc3+ 46.Ke2 Nd4+ 47.Kd2 Rc2+ 48.Kd3 Rxg2 49.Rxd6 Rb2
50.Rxg6+ Kf7 51.Rb6 Rb1 52.h4 Rd1+ 53.Kc3 Nb5+ 54.Kc4 Rc1+ 55.Kd3 Rc3+ 56.Kd2 Rc4
57.Ke3 Rxb4 58.Rxa6 Nd4 59.h5 Rb3+ 60.Kf2 Rf3+ 61.Kg2 Ra3 62.Ra7+ Kg8 63.d6 Nb5
64.d7 Ra2+ 65.Kh3  1-0

[Event "5th Amplico AIG Life"]
[Site "Warsaw POL"]
[Date "2005.12.17"]
[Round "7"]
[White "Glyzin,Y"]
[Black "Toczek,G"]
[Result "1-0"]
[WhiteElo "2203"]
[BlackElo "2372"]

1.Nf3 d6 2.c4 g6 3.Nc3 Bg7 4.d4 Nf6 5.e4 O-O 6.Be2 e5 7.O-O Nbd7 8.Re1 exd4
9.Nxd4 Re8 10.f3 Nc5 11.Be3 Ne6 12.Rc1 Nh5 13.Nxe6 Bxe6 14.Qd2 Qd7 15.Bd4 c6
16.Bxg7 Nxg7 17.Rcd1 Rad8 18.Bf1 Qc7 19.Qf2 Bc8 20.Qxa7 Ne6 21.Qf2 Qa5 22.Rd2 Kf8
23.Red1 Ke7 24.Kh1 h5 25.Qh4+ Qg5 26.Qxg5+ Nxg5 27.Kg1 Ne6 28.Kf2 Rf8 29.Na4 Nc7
30.Nb6 Be6 31.b4 Na8 32.Na4 Nc7 33.Nc3 Rd7 34.a4 Na6 35.Rb2 c5 36.b5 Nb4
37.Na2 Ra8 38.Nxb4 cxb4 39.Rxb4 b6 40.Ra1 Rda7 41.Ke3 f6 42.Kd4 Kd7 43.Bd3 Ke7
44.Bc2 g5 45.Rb2 Rc8 46.Bb3 h4 47.Rba2 Rca8 48.Kc3 Ra5 49.Kb4 Rh8 50.Rd2 Rg8
51.Rad1 Rd8 52.g3 Ra7 53.gxh4 gxh4 54.f4 Rad7 55.Rg1 h3 56.f5 Bf7 57.Rg3 Rh8
58.Rdd3 Rh4 59.Rde3 Rd8 60.Rxh3 Rdh8 61.Rxh4 Rxh4 62.h3 Kd7 63.Bd1 Rf4 64.Be2 Kc7
65.Kc3 Rf2 66.Kd2 Rg2 67.Ke1 Rg1+ 68.Kf2 Ra1 69.h4 Rxa4 70.Rc3 Ra2 71.Ke3 Kd7
72.h5 Ra1 73.Bf3 Ra2 74.Rc1 Rh2 75.Ra1 Bxh5 76.Ra7+ Kc8 77.Rh7 Rc2 78.Rxh5 Rxc4
79.Rh6 Rb4 80.Be2 Kd7 81.Rxf6 Ke7 82.Re6+ Kd7 83.Rh6 Ke7 84.f6+ Kf8 85.Bh5 Kg8
86.f7+ Kg7 87.Rh8 Kxh8 88.f8=Q+ Kh7 89.Qf7+ Kh8 90.Bg6 Rxe4+ 91.Bxe4 d5 92.Qh7+  1-0

[Event "5th Amplico AIG Life Gp1"]
[Site "Warsaw POL"]
[Date "2005.12.18"]
[Round "3"]
[White "Zubov,A UKR"]
[Black "Manik,M"]
[Result "1-0"]
[WhiteElo "2493"]
[BlackElo "2474"]

1.d4 Nf6 2.c4 g6 3.Nc3 Bg7 4.e4 d6 5.Nf3 O-O 6.Be2 Na6 7.O-O e5 8.Re1 c6
9.d5 Nc5 10.Bf1 a5 11.Nd2 Ne8 12.Nb3 Nxb3 13.Qxb3 c5 14.a3 f5 15.Bd2 Nf6
16.exf5 gxf5 17.Qc2 e4 18.Be2 Nd7 19.Nb5 Ne5 20.Bf4 Ra6 21.b3 Ng6 22.Bd2 Qe7
23.Bc3 Be5 24.Bxe5 Nxe5 25.f4 exf3 26.Bxf3 f4 27.Be4 Qg7 28.Rf1 f3 29.Kh1 Ng4
30.gxf3 Ne3 31.Qd2 Kh8 32.Rg1 Qf6 33.Qg2 Bd7 34.Nc7 Ra7 35.Ne6 Bxe6 36.dxe6 b6
37.Qh3 Re7 38.Bd5 Rg7 39.Rg3 Qxa1+  1-0

[Event "5th Amplico AIG Life"]
[Site "Warsaw POL"]
[Date "2005.12.18"]
[Round "11"]
[White "Luch,M"]
[Black "Kempinski,R"]
[Result "0-1"]
[WhiteElo "2378"]
[BlackElo "2619"]

1.d4 Nf6 2.c4 g6 3.Nc3 Bg7 4.e4 O-O 5.Nf3 d6 6.Be2 Na6 7.O-O e5 8.dxe5 dxe5
9.Qxd8 Rxd8 10.Bg5 c6 11.Rfd1 Bg4 12.Nxe5 Bxe2 13.Rxd8+ Rxd8 14.Nxe2 h6 15.Be3 Nxe4
16.Nf3 Bxb2 17.Rb1 Bg7 18.Bxa7 Nac5 19.Ng3 Nc3 20.Re1 Ne6 21.h4 Ra8 22.Bb6 Rxa2
23.h5 Na4 24.Be3 Nac5 25.hxg6 fxg6 26.Bxc5 Nxc5 27.Ne4 Nxe4 28.Rxe4 Kf7 29.c5 Rc2
30.Rb4 Rxc5 31.Rxb7+ Kf6 32.Nd2 Rc1+ 33.Kh2 g5 34.Ne4+ Kg6 35.g4 Rc4 36.f3 Be5+
37.Kg2 h5 38.gxh5+ Kxh5 39.Rh7+ Kg6 40.Re7 Bf4 41.Kf1 Rc2 42.Ke1 Kf5 43.Kd1 Ra2
44.Rf7+ Ke5 45.Rg7 Rg2 46.Rc7 g4 47.fxg4 Kxe4 48.Rxc6 Kd3 49.Ke1 Be3 50.Rf6 Rg1+
51.Rf1 Rxg4 52.Rf8 Rg1+ 53.Rf1 Rg2 54.Rf8 Bc5 55.Rf3+ Be3 56.Rf8 Re2+ 57.Kf1 Ra2
58.Re8 Rh2 59.Re7 Rf2+ 60.Ke1 Rf3 61.Rd7+ Bd4 62.Rb7 Bc3+  0-1

[Event "5th Amplico AIG Life"]
[Site "Warsaw POL"]
[Date "2005.12.18"]
[Round "13"]
[White "Adamski,J"]
[Black "Szelag,M"]
[Result "0-1"]
[WhiteElo "2345"]
[BlackElo "2477"]

1.Nf3 Nf6 2.c4 g6 3.Nc3 Bg7 4.e4 O-O 5.d4 d6 6.Be2 e5 7.Be3 Na6 8.O-O Ng4
9.Bg5 Qe8 10.dxe5 dxe5 11.Nd2 f6 12.Bxg4 fxg5 13.Nb3 c6 14.Bxc8 Rxc8 15.Qe2 Qe7
16.Rad1 Nc7 17.c5 Ne6 18.Qc4 Kh8 19.Ne2 g4 20.Rd2 Rf7 21.Rfd1 Rcf8 22.Rd6 Rxf2
23.Rxe6 Qf7 24.Ng3 Rf6 25.Rxf6 Qxc4 26.Rxf8+ Bxf8 27.Rd8 Kg7 28.Rd7+ Kh6  0-1

[Event "4th TCh-Asia w"]
[Site "Esfahan IRI"]
[Date "2005.12.21"]
[Round "1"]
[White "Mohota,N"]
[Black "Nguyen Thi Thanh An"]
[Result "0-1"]
[WhiteElo "2318"]
[BlackElo "2357"]

1.d4 Nf6 2.c4 g6 3.Nc3 Bg7 4.e4 d6 5.Nf3 O-O 6.Be2 e5 7.Be3 Nbd7 8.O-O Ng4
9.Bg5 f6 10.Bc1 Nh6 11.d5 Nf7 12.Qc2 a5 13.a3 Nc5 14.Be3 f5 15.b4 Na6 16.Rab1 f4
17.Bd2 axb4 18.axb4 g5 19.h3 g4 20.hxg4 Bxg4 21.Nh2 Bd7 22.Qd1 Nh6 23.g4 Nf7
24.f3 Bf6 25.Kg2 Ng5 26.Rh1 h5 27.gxh5 Qc8 28.Bf1 Kh8 29.Kf2 c6 30.dxc6 bxc6
31.Ng4 Bxg4 32.fxg4 Rb8 33.Qa4 Qxg4 34.Be2 Qg3+ 35.Kf1 f3 36.Rg1 fxe2+ 37.Kxe2 Qf3+
38.Ke1  0-1

[Event "IV Memorial Pereyra Puebla"]
[Site "Mendoza ARG"]
[Date "2005.12.21"]
[Round "8"]
[White "Aberbach,A"]
[Black "Salguero,F"]
[Result "0-1"]
[WhiteElo "2083"]
[BlackElo "2281"]

1.d4 Nf6 2.c4 g6 3.Nc3 Bg7 4.e4 d6 5.Nf3 O-O 6.Be2 e5 7.dxe5 dxe5 8.Qxd8 Rxd8
9.Nd5 Nxd5 10.cxd5 c6 11.Bc4 b5 12.Bb3 a5 13.dxc6 Nxc6 14.Bd5 Ra6 15.Bg5 Re8
16.Bd2 Ne7 17.Bb3 a4 18.Bd1 Bb7 19.Be2 Rc8 20.Bxb5 Rb6 21.Bxa4 Rc4 22.Bb3 Rxe4+
23.Be3 Nf5 24.O-O Nxe3 25.fxe3 Bh6 26.Rad1 Bxe3+ 27.Kh1 Kg7 28.Rd7 Rf4 29.Re1 Rxf3  0-1

[Event "Open A"]
[Site "Bethune FRA"]
[Date "2005.12.26"]
[Round "1"]
[White "Shchekachev,A"]
[Black "Arounopoulos,M"]
[Result "1-0"]
[WhiteElo "2564"]
[BlackElo "2181"]

1.Nf3 Nf6 2.c4 g6 3.Nc3 Bg7 4.e4 d6 5.d4 O-O 6.Be2 e5 7.Be3 Ng4 8.Bg5 f6
9.Bc1 Nc6 10.d5 Ne7 11.h3 Nh6 12.h4 Nf7 13.h5 g5 14.Be3 h6 15.g4 c6 16.Nd2 Bd7
17.O-O b5 18.dxc6 Nxc6 19.Nxb5 a6 20.Nc3 Nd4 21.Nb3 Nxe2+ 22.Qxe2 Qc8 23.Nd5 Qb8
24.Rfd1 a5 25.Nb6 Bc6 26.Nxa8 Qxa8 27.Rd5 a4 28.Nd2 Rb8 29.Rb1 Qa6 30.Rd3 Rb4
31.f3 Qb7 32.b3 f5 33.gxf5 g4 34.a3 Rb6 35.b4 Bf6 36.b5 gxf3 37.Qxf3  1-0

[Event "Open A"]
[Site "Bethune FRA"]
[Date "2005.12.28"]
[Round "4"]
[White "Epishin,V"]
[Black "Hanley,C"]
[Result "1-0"]
[WhiteElo "2574"]
[BlackElo "2388"]

1.d4 Nf6 2.c4 g6 3.Nc3 Bg7 4.Nf3 O-O 5.e4 d6 6.Be2 e5 7.O-O Nh5 8.dxe5 dxe5
9.b4 c6 10.b5 Nf4 11.Qc2 Bg4 12.Rd1 Qa5 13.Bxf4 exf4 14.Nd4 Bxe2 15.Ndxe2 a6
16.Qb3 axb5 17.cxb5 cxb5 18.Rd5 f3 19.gxf3 Nc6 20.Rad1 Rfd8 21.Kg2 Qa6 22.Rxd8+ Nxd8
23.Qxb5 Ne6 24.Qxa6 Rxa6 25.a4 Ra5 26.Rb1 Rg5+ 27.Kf1 Rh5 28.Rxb7 Bxc3 29.Nxc3 Rxh2
30.Kg1 Rh3 31.a5 Rxf3 32.Rb8+ Nf8 33.Nb5 Rf6 34.Ra8 Kg7 35.a6 Rb6 36.a7 Rxb5
37.Rxf8 Kxf8 38.a8=Q+ Kg7 39.Qa1+ f6 40.Qa7+ Kh6 41.f4  1-0

[Event "Open A"]
[Site "Bethune FRA"]
[Date "2005.12.29"]
[Round "6"]
[White "Ikonnikov,Vy"]
[Black "Hanley,C"]
[Result "1-0"]
[WhiteElo "2566"]
[BlackElo "2388"]

1.d4 Nf6 2.Nf3 g6 3.c4 Bg7 4.Nc3 O-O 5.e4 d6 6.Be2 e5 7.O-O Na6 8.Re1 c6
9.d5 Nc5 10.Qc2 cxd5 11.cxd5 a5 12.Be3 b6 13.Nd2 Ne8 14.a3 a4 15.Bxc5 bxc5
16.Nxa4 f5 17.Nc3 Nf6 18.Rf1 Bh6 19.Bf3 Ba6 20.Rfd1 Qc8 21.b3 Rb8 22.Nc4 Qd7
23.Na5 g5 24.exf5 g4 25.Be2 Bxe2 26.Nxe2 e4 27.Nc4 Rbe8 28.Ng3 Bf4 29.Re1 Be5
30.Nxe5 Rxe5 31.Rad1 Rfe8 32.b4 cxb4 33.axb4 h5 34.Qc1 Qg7 35.Nf1 Rxf5 36.Ne3 Rg5
37.Qc6 Qf8 38.Rc1 h4 39.b5 g3 40.fxg3 hxg3 41.Rf1 Rb8 42.h3 Qd8 43.Rf4 Kh7
44.Kh1 Rb6 45.Qc4 Rb7 46.Qd4 Rg6 47.Rcf1 Nh5 48.Rf8  1-0

[Event "Master Open"]
[Site "Zurich SUI"]
[Date "2005.12.29"]
[Round "6"]
[White "Moor,O"]
[Black "Hassler,F"]
[Result "1-0"]
[WhiteElo "2377"]
[BlackElo "2190"]

1.d4 Nf6 2.c4 g6 3.Nc3 Bg7 4.e4 d6 5.Be2 O-O 6.Nf3 e5 7.Be3 Ng4 8.Bg5 f6
9.Bh4 Nc6 10.d5 Ne7 11.Nd2 Nh6 12.f3 g5 13.Bf2 f5 14.h3 Ng6 15.Qc2 b6 16.g4 fxe4
17.fxe4 Nf4 18.Bf3 Nf7 19.Nd1 Bd7 20.Ne3 c6 21.dxc6 Bxc6 22.a4 a6 23.Kf1 Qd7
24.Nf5 b5 25.cxb5 Bb7 26.Nc4 Qe6 27.Nb6 Rad8 28.bxa6 Bxa6+ 29.Kg1 Rc8 30.Qd1 Nd3
31.Nxc8 Rxc8 32.Be2 Nxb2 33.Qd5 Qxd5 34.exd5 Ra8 35.Bxa6 Rxa6 36.a5 e4 37.Nxg7 Kxg7
38.Bd4+  1-0

[Event "14th Donau Open"]
[Site "Aschach AUT"]
[Date "2005.12.30"]
[Round "6"]
[White "Videki,S"]
[Black "Havlik,J"]
[Result "0-1"]
[WhiteElo "2406"]
[BlackElo "2218"]

1.d4 Nf6 2.c4 g6 3.Nc3 Bg7 4.e4 d6 5.Be2 O-O 6.Be3 e5 7.Nf3 Nc6 8.d5 Ne7
9.Nd2 a5 10.c5 dxc5 11.Bxc5 b6 12.Ba3 Ne8 13.O-O f5 14.Rc1 Bh6 15.Nb5 fxe4
16.Nxc7 Nxc7 17.d6 Nf5 18.Rxc7 e3 19.Nc4 exf2+ 20.Rxf2 Be6 21.Bf3 Ne3 22.Qe2 Nxc4
23.Rxc4 Rc8 24.Rxc8 Qxc8 25.b3 Qc3 26.d7 Rd8 27.Bb2 Qc5 28.Bg4 Bxd7 29.b4 axb4
30.Qf3 Rf8 31.Qxf8+ Bxf8 32.Bxd7 Qd5 33.Ba4 Qxa2  0-1

[Event "Czech Chess Christmas"]
[Site "Litomysl CZE"]
[Date "2005.12.30"]
[Round "7"]
[White "Gajewski,G"]
[Black "Dydyshko,V"]
[Result "0-1"]
[WhiteElo "2461"]
[BlackElo "2551"]

1.d4 Nf6 2.c4 g6 3.Nc3 Bg7 4.e4 d6 5.Nf3 O-O 6.Be2 e5 7.O-O Na6 8.d5 Nc5
9.Nd2 a5 10.b3 Bd7 11.a3 c6 12.dxc6 Bxc6 13.Qc2 Ne6 14.Nf3 Nd4 15.Nxd4 exd4
16.Nb5 Nxe4 17.Bd3 d5 18.a4 dxc4 19.bxc4 Nc5 20.Ba3 Nxd3 21.Qxd3 Qg5 22.Qg3 Qxg3
23.hxg3 Rfd8 24.Rfd1 Rd7 25.f3 Rc8 26.c5 Bxb5 27.axb5 Rd5 28.b6  0-1

[Event "10th Open"]
[Site "Bad Zwesten GER"]
[Date "2006.01.03"]
[Round "2"]
[White "Tereick,B"]
[Black "Ringoir,T"]
[Result "1-0"]
[WhiteElo "2209"]
[BlackElo "1993"]

1.Nf3 Nf6 2.c4 g6 3.Nc3 Bg7 4.e4 d6 5.d4 O-O 6.Be2 e5 7.Be3 Na6 8.dxe5 dxe5
9.c5 Ng4 10.Bg5 f6 11.Qxd8 Rxd8 12.Bxa6 bxa6 13.Bd2 Be6 14.h3 Nh6 15.Be3 c6
16.Nd2 Rab8 17.O-O-O Nf7 18.Kc2 Rb4 19.b3 Bh6 20.Bxh6 Nxh6 21.a3 Rbd4 22.Nf3 Rxd1
23.Rxd1 Nf7 24.Nd2 Kf8 25.b4 Ke7 26.Nb3 Rxd1 27.Nxd1 Kd7 28.Na5 Kc7 29.Ne3 Nd8
30.Nec4 Nf7 31.Kc3 Bd7 32.Ne3 Ng5 33.f3 h5 34.Nac4 h4 35.Nd6 Kd8 36.Kb3 Nxh3
37.gxh3 Bxh3 38.Ndc4 Bg2 39.Nd2 h3 40.Nef1 f5 41.Kc3 Ke7 42.Kd3 Kf6 43.Ke3 Kg5
44.Nh2 Bh1 45.a4 Kf6 46.Nc4 Ke6 47.Nd6 Kd7 48.exf5  1-0

[Event "10th Open"]
[Site "Bad Zwesten GER"]
[Date "2006.01.03"]
[Round "2"]
[White "Hetey,L"]
[Black "Gruettner,R"]
[Result "1-0"]
[WhiteElo "2322"]
[BlackElo "2052"]

1.d4 Nf6 2.c4 g6 3.Nc3 Bg7 4.e4 d6 5.Nf3 O-O 6.Be2 e5 7.d5 Nbd7 8.Bg5 h6
9.Bh4 g5 10.Bg3 Nh5 11.h4 Nxg3 12.fxg3 g4 13.Nd2 h5 14.O-O Nf6 15.Bd3 Bh6
16.Qe2 Qe7 17.Rf2 Bd7 18.Nf1 Ne8 19.Re1 Ng7 20.Qc2 a6 21.b4 Rac8 22.Nd1 c5
23.dxc6 bxc6 24.Nde3 Be6 25.c5 a5 26.cxd6 Qxd6 27.bxa5 Qb4 28.Rb1 Qxa5 29.Nc4 Bxc4
30.Bxc4 Qa7 31.Kh2 Qe7 32.a4 Kh8 33.a5 f5 34.exf5 e4 35.f6 Rxf6 36.Rxf6 Qxf6
37.Qxe4 Rf8 38.a6 Nf5 39.Bd3 Qd4 40.Qxd4+ Nxd4 41.a7 Nb5 42.Bxb5 cxb5 43.Rxb5  1-0

[Event "10th Open"]
[Site "Bad Zwesten GER"]
[Date "2006.01.03"]
[Round "2"]
[White "Grooten,H"]
[Black "Geske,J"]
[Result "1-0"]
[WhiteElo "2350"]
[BlackElo "2077"]

1.d4 Nf6 2.c4 g6 3.Nc3 Bg7 4.e4 d6 5.Be2 O-O 6.Nf3 e5 7.Be3 Ng4 8.Bg5 f6
9.Bh4 Nc6 10.d5 Ne7 11.Nd2 Nh6 12.g4 f5 13.f3 c5 14.Rg1 f4 15.Rb1 Nf7 16.b4 b6
17.Bf2 Qd7 18.h4 Nd8 19.a3 Nb7 20.Bd3 Qe8 21.Bc2 Bd7 22.Ba4 Bxa4 23.Qxa4 Qxa4
24.Nxa4 Rab8 25.Ke2 Rfc8 26.Rb2 Kf7 27.Rgb1 Ke8 28.bxc5 dxc5 29.Nxb6 axb6
30.Rxb6  1-0

[Event "8th Hilton Schachfestival"]
[Site "Basel SUI"]
[Date "2006.01.03"]
[Round "3"]
[White "Nemet,I"]
[Black "Lurje,P"]
[Result "0-1"]
[WhiteElo "2373"]
[BlackElo "2158"]

1.d4 Nf6 2.Nf3 g6 3.c4 Bg7 4.Nc3 d6 5.e4 O-O 6.Be2 e5 7.Be3 Na6 8.O-O Ng4
9.Bg5 Qe8 10.h3 exd4 11.Nd5 f6 12.Bh4 Ne5 13.Nxd4 Nc6 14.Nxc6 bxc6 15.Nc3 Nc5
16.Bf3 Rb8 17.Qd2 Be6 18.b3 Qd7 19.Rad1 f5 20.Rfe1 f4 21.Bg5 h6 22.b4 Rxb4
23.Bxf4 Rxc4 24.Ne2 g5 25.Bh2 Nxe4 26.Qe3 Bd5 27.Bg4 Qf7 28.f3 Nc5 29.Ng3 Rc3
30.Bh5 Qf6 31.Qe2 Bc4 32.Ne4 Qd4+ 33.Qf2 Nd3  0-1

[Event "Xstrata ch-AUS 2006"]
[Site "Brisbane AUS"]
[Date "2006.01.07"]
[Round "9"]
[White "Wallis,C"]
[Black "Song,R"]
[Result "0-1"]
[WhiteElo "2114"]
[BlackElo "2051"]

1.d4 Nf6 2.c4 g6 3.Nc3 Bg7 4.e4 d6 5.Nf3 O-O 6.Be2 e5 7.d5 a5 8.Bg5 h6 9.Bh4 Na6
10.O-O Nc5 11.Nd2 Bd7 12.b3 Qe8 13.Rb1 Nh7 14.f3 h5 15.a3 Bh6 16.Bf2 b6 17.b4 axb4
18.axb4 Na4 19.Qc2 Qe7 20.Ra1 Qg5 21.Rfd1 Nxc3 22.Qxc3 h4 23.Kh1 f5 24.b5 Nf6
25.Bd3 Nh5 26.Nf1 Nf4 27.Ne3 Qh5 28.exf5 gxf5 29.Ra6 Kh8 30.Rda1 Rac8 31.Bf1 h3
32.c5 bxc5 33.b6 hxg2+ 34.Bxg2 cxb6 35.Rxb6 Bg7 36.Ra7 e4 37.Qc2 Be5 38.Bg3 Rg8
39.Qf2 Rxg3 40.Qxg3 Nd3 41.f4 Bxf4  0-1

[Event "4th I.Platonov Mem"]
[Site "Kyiv UKR"]
[Date "2006.01.08"]
[Round "1"]
[White "Kruppa,Y"]
[Black "Vedmediuc,S"]
[Result "1/2-1/2"]
[WhiteElo "2541"]
[BlackElo "2348"]

1.d4 Nf6 2.c4 d6 3.Nc3 g6 4.e4 Bg7 5.Nf3 O-O 6.Be2 e5 7.Be3 h6 8.O-O Ng4
9.Bc1 Nc6 10.d5 Ne7 11.Nd2 f5 12.Bxg4 fxg4 13.b4 a5 14.bxa5 Rxa5 15.a4 c5
16.Nb5 Ra6 17.Nb1 g5 18.f3 gxf3 19.Rxf3 Rf4 20.Qd3 Ng6 21.g3 Bg4 22.Rf1 Rxf1+
23.Qxf1 Qd7 24.N1c3 Ra8 25.Ra2 Bh3 26.Qe1 Rf8 27.Rf2 Bf6 28.Nd1 Nf4 29.Qd2 Nh5
30.Ne3 Be7 31.Rxf8+ Bxf8 32.Qf2 Ng7 33.Qf3 Qf7 34.Qxf7+ Kxf7 35.Kf2 Bd7 36.g4 h5
37.h3 Be7 38.Kf3 b6 39.Bd2 hxg4+ 40.hxg4 Ne8 41.Nf5 Bxf5 42.exf5 Bd8 43.Nc3 Kg7
44.Ne4 Kh6 45.Ke2 Be7 46.Kf2 Bd8 47.Kf3 Be7 48.Ke2 Bd8 49.Kd3 Be7 50.Kc2 Bd8
51.Kb3 Be7 52.a5 bxa5 53.Ka4 Bd8 54.Be3 Kg7 55.Bd2 Kh6 56.Kb5 Kg7 57.Bc1 Be7
58.Kxa5 Nf6 59.Nf2 e4 60.Kb5 Kf7 61.Kc6 Ke8 62.Kc7 Kf7 63.Bxg5 Ne8+ 64.Kd7 Bxg5  1/2-1/2

[Event "Petrovskaya Ladya IM"]
[Site "Peterhof RUS"]
[Date "2006.01.08"]
[Round "6"]
[White "Zeliakov,N"]
[Black "Utkin,Alek"]
[Result "0-1"]
[WhiteElo "2173"]
[BlackElo "2378"]

1.d4 Nf6 2.Nf3 g6 3.c4 Bg7 4.Nc3 O-O 5.e4 d6 6.Be2 Nbd7 7.O-O e5 8.Re1 c6
9.Bf1 Re8 10.d5 c5 11.Rb1 b6 12.a3 Nf8 13.b4 Nh5 14.bxc5 bxc5 15.Qa4 Nf4
16.g3 Bg4 17.Bg2 Nd3 18.Rd1 Nxc1 19.Rdxc1 Bh6 20.Rc2 Nd7 21.Nb5 Nf6 22.Ne1 a6
23.Nc3 Bd7 24.Qb3 Rb8 25.Qa2 Qc7 26.Rcb2 Rxb2 27.Qxb2 Qa5 28.Nd3 Kg7 29.Nc1 Rc8
30.N1e2 Ne8 31.a4 Bg5 32.Qb7 Rc7 33.Qb6 Qxb6 34.Rxb6 Ra7 35.Rb8 Nc7 36.h4 Be7
37.Kh2 Ra8 38.Rb7 Bd8 39.Bh3 f5 40.f4 Bc8 41.Rb3 Ne8 42.h5 Bc7 43.hxg6 hxg6
44.Kg2 Rb8 45.Rxb8 Bxb8 46.Kf2 Bd7 47.Ke3 Bc7 48.Kf2 Ba5 49.Ke3 Kf7 50.exf5 gxf5
51.fxe5 dxe5 52.Ne4 Ke7 53.Nf2 Nd6 54.g4 f4+ 55.Kd3 Be8 56.Ne4 Nxe4 57.Kxe4 Kd6
58.Kf5 Bxa4 59.Kf6 Bd1 60.Nc1 Bd8+ 61.Kg6 f3 62.g5 e4 63.Kh6 Be2 64.g6 Bxc4
65.Be6 f2 66.g7 f1=Q 67.g8=Q Qxc1+  0-1